000 00672nam a2200205Ia 4500
003 GCL
008 140319s9999 xx 000 0 ara d
020 _a2852305977
040 _aGCL /
_cGCL
082 0 4 _aط
_b741.092
_bم هـ
100 1 _aمحمود قاسم
245 1 0 _aهؤلاء رسموا للاطفال فى مصر /
_cمحمود قاسم
700 1 _aفاطمة المعدول
700 1 _aصلاح بيصار
260 _aالقاهرة :
_bالمركز القومى لثقافة الطفل ،
_c2005
300 _a190 ص ؛
_c26 سم
650 0 4 _aالفنانون المصريون
650 0 4 _aالرسامون المصريون
942 _2ddc
_cBK
999 _c9433
_d9433